Summer in the European Capital of Culture Wrocław 2016
| Titel: | Summer in the European Capital of Culture Wrocław 2016 : Top 16 Events |
|---|---|
| Veröffentlicht: | [2015 ?] |
| Umfang: | 1 gefaltetes Blatt : Illustrationen |
| Format: | Buch |
| Sprache: | Englisch |
X
alg: 38946568 001A $03004:24-10-16 001B $05000:23-04-20 $t15:36:05.000 001D $03004:04-09-17 001U $0utf8 001X $00 002@ $0Aau 002C $aText $btxt $2rdacontent 002D $aohne Hilfsmittel zu benutzen $bn $2rdamedia 002E $aBand $bnc $2rdacarrier 003@ $0389465682 007A $0389465682 $aHEB 010@ $aeng 010E $erda 011@ $a2015 $n[2015 ?] 013D $RAdressbuch $RVerzeichnis $#Handbooks, vade-mecums, etc. $#Guides pratiques $#Stadtführer $#Reiseführer Formschlagwort $74155569-7 $8Führer [Ts1] $9085661619 021A $aSummer in the European Capital of Culture Wrocław 2016 $dTop 16 Events 034D $a1 gefaltetes Blatt 034M $aIllustrationen 044K $RNiederschlesien $#Breslau $#Wrocław $#Wrotizla $#Breßlau $#Breßlaw $#Vroclav $#Vratislav $#Vratislavia $#Vratislauiae $#Bresslau $#Wratislavia $#Brassel $#Bresla $#Wratislava $#Smirna $#Breslavia $#Wroclaw $74008216-7 $8Breslau [Tg1] $9085014184 044K $8Kulturhauptstadt [Ts1] $9458603015 045R $aGeschichte 2016 lok: 38946568 24 101B $024-10-16 $t10:10:18.000 101C $024-10-16 101U $0utf8 145B $a14 8 B 851 exp: 38946568 24 1 #EPN 201B/01 $004-09-17 $t11:08:24.000 201C/01 $024-10-16 201U/01 $0utf8 203@/01 $0785500669 208@/01 $a04-09-17 $bz 209A/01 $aS 32172 $du $f050 $hS 32172 $x00 209C/01 $a16.07766 G $h16 07766 G 209G/01 $a73917190 $x00 220C/01 $ahae 247C/01 $8358050-7Marburg, Bibliothek des Herder-Instituts Marburg $9102600961
| LEADER | 00000cam a2200000 c 4500 | ||
|---|---|---|---|
| 001 | 389465682 | ||
| 003 | DE-603 | ||
| 005 | 20200423153605.0 | ||
| 007 | tu | ||
| 008 | 161024s2015 xx |||| | u00||u|eng c | ||
| 035 | |a (DE-599)HEB389465682 | ||
| 040 | |a DE-603 |b ger |c DE-603 |d DE-603 |e rda | ||
| 041 | |a eng | ||
| 245 | 0 | 0 | |a Summer in the European Capital of Culture Wrocław 2016 |b Top 16 Events |
| 264 | 0 | |c [2015 ?] | |
| 300 | |a 1 gefaltetes Blatt |b Illustrationen | ||
| 336 | |a Text |b txt |2 rdacontent | ||
| 337 | |a ohne Hilfsmittel zu benutzen |b n |2 rdamedia | ||
| 338 | |a Band |b nc |2 rdacarrier | ||
| 648 | 7 | |a Geschichte 2016 |2 gnd | |
| 650 | 7 | |a Kulturhauptstadt |0 (DE-588)1204207380 |0 (DE-603)458603015 |2 gnd | |
| 651 | 7 | |a Breslau |0 (DE-588)4008216-7 |0 (DE-603)085014184 |2 gnd | |
| 655 | 7 | |a Führer |2 gnd-content |0 (DE-588)4155569-7 |0 (DE-603)085661619 | |
| 924 | 0 | |9 Mb 50 |a (DE-603)785500669 |b DE-Mb50 |c HES |d c |g S 32172 | |


